Alle landen waar een G in zit. - Statistieken

Algemene statistieken
  • Deze quiz is 115 keer genomen
    85 sinds de laatste reset
  • De gemiddelde score is 39 van 47
Antwoordstatistieken
Antwoord % Correct
België
100%
Griekenland
96%
Afghanistan
91%
Argentinië
91%
Bulgarije
91%
Guatemala
91%
Guinee
91%
Madagaskar
91%
Niger
91%
Nigeria
91%
Senegal
91%
Algerije
87%
Egypte
87%
Guyana
87%
Hongarije
87%
Mongolië
87%
Noorwegen
87%
Papoea-Nieuw-Guinea
87%
Paraguay
87%
Portugal
87%
Togo
87%
Uruguay
87%
Verenigde Arabische Emiraten
87%
Verenigd Koninkrijk
87%
Angola
83%
Bosnië en Herzegovina
83%
Georgië
83%
Ghana
83%
Montenegro
83%
Nicaragua
83%
Oeganda
83%
Verenigde Staten
83%
Congo-Brazzaville
78%
Congo-Kinshasa
78%
Equatoriaal-Guinea
78%
Gambia
78%
Guinee-Bissau
78%
Kirgizië
78%
Gabon
74%
Luxemburg
74%
Singapore
74%
Antigua en Barbuda
70%
Bangladesh
70%
Saint Vincent en de Grenadines
70%
Tonga
70%
Grenada
65%
Trinidad en Tobago
65%
Geen overeenkomende quizzen gevonden
Scoreverdeling
Procent van Mensen met Elke Score
Percentiel versus Aantal Correcte Antwoorden
Uw Scoregeschiedenis
U heeft deze quiz nog niet genomen sinds de laatste reset